00467nam a2200193 a 4500001001300000003000900013005001700022008004100039020002300080082001600103100001800119245002400137260002900161300000900190500003500199505001000234650001100244700001800255nice12345678IN_TiNIC20260116014436.0050524s1999 lona grp 000 0 eng  a1569573 c19500a297.4bERN3 aErnst, Carl W aTeachings of Sufism aLondonbShambhala c1999 a217p aincludes index and biblioraphy2 aIndex aSufism1 aErnst, Carl W